Canciones de Taylor swift - Estadísticas

Estadísticas generales
  • Esta prueba ha sido intentada 1.245 veces
  • La puntuación promedio es 6 de 15
Estadísticas de respuestas
Hint Respuesta % Correcto
2 You Belong with me
75%
1 Love story
63%
10 Blank space
61%
3 Lover
58%
14 Cardigan
46%
12 Style
42%
4 All too well
39%
9 We are never ever getting back together
33%
13 Willow
33%
5 Delicate
30%
11 Out of the Woods
22%
7 Mean
21%
6 End Game
19%
8 Sparks fly
8%
15 Cruel sumer
3%
No se encontraron pruebas coincidentes
Distribución de puntuación
Porcentaje de gente con cada puntuación
Porcentaje por número respondido
Historial de tus puntuaciones
No has intentado esta prueba.